Εγχειρίδιον κατά Χριστόν ηθικής
Saved in:
| Main Author: | |
|---|---|
| Format: | Book |
| Language: | Greek |
| Published: |
Εν Κωνσταντινούπολει :
"Φαζιλέτ" Βακαλοπούλου,
1927
|
| Subjects: | |
| Tags: |
Add Tag
No Tags, Be the first to tag this record!
|
MARC
| LEADER | 00000cam a2200000 i 4500 | ||
|---|---|---|---|
| 001 | 1/78326 | ||
| 008 | 050609s1927 gre d | ||
| 035 | |l 10078473 | ||
| 040 | |a GR-MY-UA |b gre |e aacr | ||
| 041 | 0 | |a gre | |
| 082 | 0 | |a 241.0419 |2 (22) | |
| 100 | 1 | |a Αντωνιάδης, Βασίλειος, |d 1851-1932. | |
| 245 | 1 | 0 | |a Εγχειρίδιον κατά Χριστόν ηθικής / |c υπό Βασιλείου Αντωνιάδου |
| 260 | |a Εν Κωνσταντινούπολει : |b "Φαζιλέτ" Βακαλοπούλου, |c 1927 | ||
| 300 | |a ... τ.; |c 25 εκ. | ||
| 500 | |a Με: Εγχειρίδιον εισαγωγής εις τας Αγίας Γραφάς / υπό Βασιλείου Αντωνιάδου | ||
| 505 | 0 | |a Τ.1. Περιλαμβάνων το γενικό μέρος | |
| 650 | 0 | 0 | |a Christian ethics |x Orthodox Eastern authors. |
| 852 | |a INST |b RHODES |c KRI |e 20050609 |h 241.0419 ΑΝΤ |p 005400023460 |q 005400023460 |t BK |v τ.1: |y 0 |z τ.1 | ||
| 853 | |a INST |b RHODES |c KRI |h 241.0419 ΑΝΤ | ||
| 901 | |a BIBL4-2005-2 | ||
| 909 | |a Ρ |b 110693 | ||
| 970 | |a ΚΟΖΑ |b ΜΑΡΙΑ |z 2005/06/09 | ||